000 00181nam a2200085 4500
001 1258559
005 20260312192839.0
245 _aPİNOKYO
_cCARLO COLLODİ
260 _bARTEMİS ÇOCUK
999 _c1258559
_d1258559